Marie Meudec, Le Kout poud : maladie, vodou et gestion des conflits en Haïti, Préface de Jean-Marie Théodat Paris, L’Harmattan, 2007, 142 p., bibl. (« L’Autre Caraïbe ») (notice n° 1646279)
[ vue normale ]
| 000 -LEADER | |
|---|---|
| fixed length control field | 00598cam a2200145 4500500 |
| 005 - DATE AND TIME OF LATEST TRANSACTION | |
| control field | 20260208002423.0 |
| 041 ## - LANGUAGE CODE | |
| Language code of text/sound track or separate title | fre |
| 042 ## - AUTHENTICATION CODE | |
| Authentication code | dc |
| 100 10 - MAIN ENTRY--PERSONAL NAME | |
| Personal name | Giafferi-Dombre, Natacha |
| Relator term | author |
| 245 00 - TITLE STATEMENT | |
| Title | Marie Meudec, Le Kout poud : maladie, vodou et gestion des conflits en Haïti, Préface de Jean-Marie Théodat Paris, L’Harmattan, 2007, 142 p., bibl. (« L’Autre Caraïbe ») |
| 260 ## - PUBLICATION, DISTRIBUTION, ETC. | |
| Date of publication, distribution, etc. | 2009.<br/> |
| 500 ## - GENERAL NOTE | |
| General note | 98 |
| 786 0# - DATA SOURCE ENTRY | |
| Note | L'Homme | 191 | 3 | 2009-09-01 | p. 271p-329p | 0439-4216 |
| 856 41 - ELECTRONIC LOCATION AND ACCESS | |
| Uniform Resource Identifier | <a href="https://shs.cairn.info/revue-l-homme-2009-3-page-271p?lang=fr&redirect-ssocas=7080">https://shs.cairn.info/revue-l-homme-2009-3-page-271p?lang=fr&redirect-ssocas=7080</a> |
Pas d'exemplaire disponible.




Réseaux sociaux